LIBRARY ONLINE CATALOGUE

Introduction to business : (Record no. 2045)

MARC details
000 -LEADER
fixed length control field 00706cam a22002172 4500
001 - CONTROL NUMBER
control field 0000002804
005 - DATE AND TIME OF LATEST TRANSACTION
control field 20151217145731.0
008 - FIXED-LENGTH DATA ELEMENTS--GENERAL INFORMATION
fixed length control field 070419s xx 000 0 eng d
040 ## - CATALOGING SOURCE
Original cataloging agency KABU
Transcribing agency KABU
050 #0 - LIBRARY OF CONGRESS CALL NUMBER
Classification number HF51008
Item number .I58
245 10 - TITLE STATEMENT
Title Introduction to business :
Remainder of title a Kenyan perspective /
Statement of responsibility, etc. edited by Francis N. Kibera.
260 ## - PUBLICATION, DISTRIBUTION, ETC. (IMPRINT)
Place of publication, distribution, etc. Nairobi :
Name of publisher, distributor, etc. Kenya Literature Bureau,
Date of publication, distribution, etc. 1996.
300 ## - PHYSICAL DESCRIPTION
Extent 435 p.
650 #0 - SUBJECT ADDED ENTRY--TOPICAL TERM
Topical term or geographic name as entry element Business management
Geographic subdivision Kenya.
-- 0000161192
700 1# - ADDED ENTRY--PERSONAL NAME
Personal name Kibera, Francis N.
-- 0000151465
908 ## - PUT COMMAND PARAMETER (RLIN)
Put command parameter 070419
950 ## - LOCAL HOLDINGS (RLIN)
-- 1
Holdings
Withdrawn status Lost status Source of classification or shelving scheme Not for loan Home library Current library Date acquired Total Checkouts Full call number Barcode Date last seen Date last checked out Price effective from Koha item type Cost, normal purchase price Total Renewals Copy number
    Library of Congress Classification   Kabarak, Main Campus Kabarak, Main Campus 17/12/2015 8 HF1008 .I58 c. 3 001743 02/08/2024 01/11/2021 17/12/2015 General Collection      
    Library of Congress Classification   Kabarak, Main Campus Kabarak, Main Campus 17/12/2015 4 HF1008 .I58 c. 2 001742 02/08/2024 15/07/2016 17/12/2015 General Collection      
    Library of Congress Classification   Kabarak, Main Campus Kabarak, Main Campus 17/12/2015 9 HF1008 .I58 c. 1 010621 02/08/2024 12/10/2018 17/12/2015 General Collection      
    Library of Congress Classification   Kabarak, Main Campus Kabarak, Main Campus 03/08/2018 12 HF1008 .I58 c. 4 024424 02/08/2024 02/12/2022 03/08/2018 General Collection 1745.00 4 c. 4